| 000 | 00601nac a22001811u 4500 | ||
|---|---|---|---|
| 020 | _a9054107731 | ||
| 082 |
_a624.153 _bSAR |
||
| 090 |
_c5947 _d5947 |
||
| 100 | _a20080729 | ||
| 245 |
_aGeohorizon : _b state of art in geosynthetics technology / _cedited by Som S. Sarkar. |
||
| 260 |
_aRotterdam : _b Balkema, 1998. _c1998 |
||
| 300 |
_ax,321p. : _b ill. ; _c 29cm. |
||
| 500 | _adistributer: Al-Ahram | ||
| 504 | _aIncludes bibliographical references. | ||
| 511 | _acatalogued by: wessam | ||
| 700 | _aSarkar, Som S. | ||
| 942 |
_cBB _k624.153 SAR |
||
| 999 |
_c5947 _d5947 |
||